000 00369nam a2200145Ia 4500
008 230917s9999||||xx |||||||||||||| ||und||
040 _e45690
_aMAIN
041 _aEnglish
082 _a821.7 T258H:T
100 _aHenderson, Philip
245 0 _aTennyson: Poet and prophef
260 _aLondon
_bRoutledge & Kegan Paul
_c1978
300 _axix, 225 p.
942 _cBK
999 _c185670
_d185670